Văn học Ấn Độ

में बचाया:
ग्रंथसूची विवरण
मुख्य लेखक: Lưu Đức Trung
स्वरूप: पुस्तक
प्रकाशित: H. Giáo Dục 1998
संस्करण:Tái bản lần thứ 1
विषय:
टैग : टैग जोड़ें
कोई टैग नहीं, इस रिकॉर्ड को टैग करने वाले पहले व्यक्ति बनें!
Thư viện lưu trữ: Trung tâm Học liệu Lê Vũ Hùng, Trường Đại học Đồng Tháp
LEADER 00778pam a22002538a 4500
001 00025481
005 20171026081023.0
008 110805s1998 ||||||Viesd
041 0 # |a Vie 
082 1 4 |a 891  |b V115H 
100 0 # |a Lưu Đức Trung 
245 0 0 |a Văn học Ấn Độ  |c Lưu Đức Trung 
250 # # |a Tái bản lần thứ 1 
260 # # |a H.  |b Giáo Dục  |c 1998 
300 # # |a 160 tr.  |c 21 cm. 
650 # 4 |a Nghiên cứu văn học 
650 # 4 |a Ấn Độ 
852 # # |b Kho mượn  |j KGT.0023455 
852 # # |j KGT.0023455, KGT.0023456  |b Kho giáo trình 
852 # # |j KGT.0023456  |j KGT.0023455 
910 |d 05/08/2011 
980 # # |a Trung tâm Học liệu Lê Vũ Hùng, Trường Đại học Đồng Tháp